[Event "Ptuj op"]
[Site "Ptuj"]
[Date "2009.08.09"]
[Round "9"]
[White "Kavcic, Janez"]
[Black "Mesar, Dejan"]
[Result "1-0"]
[WhiteElo "1998"]
[BlackElo "2053"]
[PlyCount "106"]
[EventDate "2009.08.02"]
[EventType "swiss"]
[EventRounds "9"]
[EventCountry "SLO"]
[SourceTitle "CBM 131 Extra"]
[Source "ChessBase"]
[SourceDate "2009.09.03"]
[SourceVersion "2"]
[SourceVersionDate "2009.09.16"]
[SourceQuality "1"]

1. e4 c5 2. Nf3 d6 3. d4 cxd4 4. Nxd4 Nf6 5. Nc3 a6 6. Bg5 e6 7. f4 Nbd7 8. Qf3 Be7 9. Bc4 Qb6 10. 0-0-0 Nc5 11. e5 dxe5 12. fxe5 Nd5 13. Bxe7 Nxe7 14. Nb3 0-0 15. Rhe1 Ng6 16. Kb1 Nd7 17. Qh5 Qc7 18. Bd3 b5 19. Re3 b4 20. Ne2 a5 21. Nf4 Ba6 22. Rh3 h6 23. Nxg6 Bxd3 24. Ne7+ Kh7 25. Rdxd3 Nxe5 26. Rdg3 Rh8 27. Re3 a4 28. Qxe5 Qxe7 29. Nd4 Rhd8 30. Rd3 Rd5 31. Qe4+ Kg8 32. Nc6 Qc5 33. Nd4 Rad8 34. Ne2 Qf2 35. Nc1 Qc5 36. Rxd5 exd5 37. Qf5 a3 38. Rf3 f6 39. bxa3 bxa3 40. Rb3 Rc8 41. Qd3 Ra8 42. Rb5 Qc4 43. Qxd5+ Qxd5 44. Rxd5 Ra7 45. c4 Kf7 46. Kc2 Rb7 47. Nd3 Re7 48. Kd2 Re4 49. Rd7+ Kf8 50. c5 Rg4 51. g3 Rc4 52. Ra7 g5 53. Rxa3 h5 1-0

[Event "Ptuj op"]
[Site "Ptuj"]
[Date "2009.08.07"]
[Round "7"]
[White "Skok, Joze"]
[Black "Mesar, Dejan"]
[Result "0-1"]
[WhiteElo "2046"]
[BlackElo "2053"]
[PlyCount "72"]
[EventDate "2009.08.02"]
[EventType "swiss"]
[EventRounds "9"]
[EventCountry "SLO"]
[SourceTitle "CBM 131 Extra"]
[Source "ChessBase"]
[SourceDate "2009.09.03"]
[SourceVersion "2"]
[SourceVersionDate "2009.09.16"]
[SourceQuality "1"]

1. e4 c5 2. c3 Nf6 3. e5 Nd5 4. d4 cxd4 5. Nf3 e6 6. cxd4 Nc6 7. Nc3 Nb6 8. Bd3 d6 9. exd6 Bxd6 10. 0-0 Ne7 11. Ng5 Ng6 12. Qh5 Qe7 13. Nxh7 Qh4 14. Qxh4 Nxh4 15. h3 f6 16. Nb5 Bb8 17. g3 Nf5 18. g4 Ne7 19. Bd2 a6 20. Nc3 Kf7 21. h4 g6 22. Nxf6 Kxf6 23. Bg5+ Kf7 24. Bxe7 Kxe7 25. Bxg6 Rxh4 26. f3 e5 27. Bh5 exd4 28. Rfe1+ Be6 29. Ne4 Nd7 30. Ng5 Nf8 31. Re4 Kf6 32. Nxe6 Nxe6 33. Rf1 Bf4 34. Re2 Be3+ 35. Kg2 Nf4+ 36. Kg3 Rh3# 0-1

[Event "Ptuj op"]
[Site "Ptuj"]
[Date "2009.08.04"]
[Round "4"]
[White "Mesar, Dejan"]
[Black "Cmor, Nino"]
[Result "0-1"]
[WhiteElo "2053"]
[BlackElo "1783"]
[PlyCount "84"]
[EventDate "2009.08.02"]
[EventType "swiss"]
[EventRounds "9"]
[EventCountry "SLO"]
[SourceTitle "CBM 131 Extra"]
[Source "ChessBase"]
[SourceDate "2009.09.03"]
[SourceVersion "2"]
[SourceVersionDate "2009.09.16"]
[SourceQuality "1"]

1. e4 e5 2. Nf3 Nc6 3. Bb5 a6 4. Ba4 Nf6 5. 0-0 Be7 6. Re1 b5 7. Bb3 d6 8. h3 Na5 9. c3 Nxb3 10. Qxb3 Be6 11. Qc2 c5 12. d3 0-0 13. Nbd2 a5 14. Nf1 h6 15. Ng3 b4 16. c4 Nd7 17. Nh2 f5 18. exf5 Bxf5 19. Nxf5 Rxf5 20. d4 Qf8 21. d5 a4 22. Be3 Qf7 23. Ng4 Bg5 24. Rf1 Nb6 25. Rac1 h5 26. Nh2 Rf8 27. g4 hxg4 28. hxg4 Bxe3 29. gxf5 Bxc1 30. Rxc1 Qxf5 31. Qxf5 Rxf5 32. Kg2 Rf4 33. b3 Rd4 34. Nf3 Rd3 35. Rb1 Nd7 36. Ng5 Nf6 37. Kf1 Rd2 38. Ra1 a3 39. Ke1 Rb2 40. Kf1 Kf8 41. Kg2 Ng4 42. Kf3 Nxf2 0-1

[Event "Portoroz op"]
[Site "Portoroz"]
[Date "2003.05.03"]
[Round "9"]
[White "Mesar, Dejan"]
[Black "Ploc, Albert"]
[Result "0-1"]
[WhiteElo "1500"]
[BlackElo "1597"]
[PlyCount "96"]
[EventDate "2003.04.??"]
[EventType "swiss"]
[EventRounds "9"]
[EventCountry "SLO"]
[SourceTitle "EXT 2005"]
[Source "ChessBase"]
[SourceDate "2004.11.15"]
[SourceVersion "1"]
[SourceVersionDate "2004.11.15"]
[SourceQuality "1"]

1. e4 c5 2. Nf3 d6 3. d4 cxd4 4. Nxd4 g6 5. Nc3 Bg7 6. Be3 Nf6 7. Bd3 e5 8. Nde2 0-0 9. Qd2 d5 10. Nxd5 Nxd5 11. exd5 Qxd5 12. 0-0 e4 13. Nf4 Qe5 14. Be2 Nc6 15. c3 Bf5 16. f3 Rad8 17. Qc1 b6 18. Rd1 Rxd1+ 19. Bxd1 Na5 20. Bc2 exf3 21. Bxf5 Qxf5 22. gxf3 Nc4 23. Kg2 Re8 24. Bd4 Bxd4 25. cxd4 Qg5+ 26. Kf2 Qh4+ 27. Kg1 Ne3 28. Ng2 Qg5 29. Qd2 Qxg2+ 30. Qxg2 Nxg2 31. Kxg2 Re2+ 32. Kg1 Rd2 33. Rc1 Rxd4 34. Rc8+ Kg7 35. Ra8 Ra4 36. a3 h5 37. Kg2 f5 38. Kg3 Kf6 39. h3 Kg5 40. f4+ Rxf4 41. Rxa7 h4+ 42. Kg2 Rd4 43. Rb7 Rd2+ 44. Kf3 Rxb2 45. a4 Ra2 46. Rxb6 Rxa4 47. Rb1 Ra3+ 48. Kf2 Rxh3 0-1

[Event "Portoroz op"]
[Site "Portoroz"]
[Date "2003.04.29"]
[Round "5"]
[White "Banic, Stanko"]
[Black "Mesar, Dejan"]
[Result "0-1"]
[WhiteElo "1664"]
[BlackElo "1500"]
[PlyCount "66"]
[EventDate "2003.04.??"]
[EventType "swiss"]
[EventRounds "9"]
[EventCountry "SLO"]
[SourceTitle "EXT 2005"]
[Source "ChessBase"]
[SourceDate "2004.11.15"]
[SourceVersion "1"]
[SourceVersionDate "2004.11.15"]
[SourceQuality "1"]

1. d4 Nf6 2. Nf3 g6 3. c4 Bg7 4. Nc3 d6 5. e4 0-0 6. Be2 Nbd7 7. 0-0 e5 8. Bg5 Qe8 9. d5 h6 10. Bd2 c6 11. h3 Nc5 12. Qc2 a6 13. b4 Ncd7 14. Be3 Nb8 15. Qd2 Qd8 16. Bxh6 a5 17. Bxg7 Kxg7 18. a3 axb4 19. axb4 Rxa1 20. Rxa1 Qb6 21. Rb1 Na6 22. b5 cxb5 23. Rxb5 Qa7 24. Ne1 Nc5 25. f3 Bd7 26. Kf1 Bxb5 27. Nxb5 Qa6 28. Nd3 Nb3 29. Qb4 Na5 30. Nxd6 Ne8 31. c5 Nxd6 32. cxd6 b6 33. Nxe5 Qb7 0-1

[Event "Portoroz op"]
[Site "Portoroz"]
[Date "2003.04.29"]
[Round "4"]
[White "Grasselli, Luka"]
[Black "Mesar, Dejan"]
[Result "1-0"]
[WhiteElo "1854"]
[BlackElo "1500"]
[PlyCount "57"]
[EventDate "2003.04.??"]
[EventType "swiss"]
[EventRounds "9"]
[EventCountry "SLO"]
[SourceTitle "EXT 2005"]
[Source "ChessBase"]
[SourceDate "2004.11.15"]
[SourceVersion "1"]
[SourceVersionDate "2004.11.15"]
[SourceQuality "1"]

1. Nf3 d5 2. c4 Nf6 3. g3 c5 4. Bg2 e6 5. 0-0 Bd6 6. d4 b6 7. Nc3 Bb7 8. Nb5 0-0 9. Ne5 Nc6 10. Bf4 a6 11. Nxd6 Qxd6 12. Ng6 Qd8 13. Nxf8 Qxf8 14. cxd5 exd5 15. Be5 Qd8 16. Bxf6 Qxf6 17. dxc5 bxc5 18. Qxd5 Qe7 19. Rfd1 Na5 20. Qd7 Kf8 21. Bxb7 Nxb7 22. Qc6 Ra7 23. Rd7 Qe8 24. Rad1 Na5 25. Qxc5+ Kg8 26. Qxa7 Nc6 27. Qc7 h6 28. Rd8 Nxd8 29. Rxd8 1-0

[Event "Portoroz op"]
[Site "Portoroz"]
[Date "2003.04.26"]
[Round "2"]
[White "Mesar, Dejan"]
[Black "Bizjak, Janez"]
[Result "0-1"]
[WhiteElo "1500"]
[BlackElo "1639"]
[PlyCount "96"]
[EventDate "2003.04.??"]
[EventType "swiss"]
[EventRounds "9"]
[EventCountry "SLO"]
[SourceTitle "EXT 2005"]
[Source "ChessBase"]
[SourceDate "2004.11.15"]
[SourceVersion "1"]
[SourceVersionDate "2004.11.15"]
[SourceQuality "1"]

1. e4 e6 2. d4 d5 3. e5 c5 4. c3 Nc6 5. Nf3 Qb6 6. Be3 Qxb2 7. Nbd2 Qxc3 8. Rc1 Qa5 9. Qb3 c4 10. Qb2 Ba3 11. Qc3 Bxc1 12. Qxa5 Nxa5 13. Nxc4 Nxc4 14. Bxc1 Nb6 15. Bd3 Bd7 16. 0-0 Ne7 17. Bd2 Rc8 18. Ng5 h6 19. Nf3 0-0 20. Rb1 Bc6 21. Bb4 Rfe8 22. Nd2 Ba4 23. Bc5 Rc6 24. Rb4 Bd1 25. Bb5 Bc2 26. Rb2 Bg6 27. a4 Nd7 28. Bxc6 bxc6 29. Bxe7 Rxe7 30. Rb7 a6 31. Rc7 f6 32. Nb3 Kf7 33. f4 Bc2 34. Na5 Bxa4 35. Nb7 Nb6 36. Nd6+ Kf8 37. Rxe7 Kxe7 38. g4 fxe5 39. fxe5 Bb5 40. h4 a5 41. Nb7 a4 42. Na5 Nc4 43. Nxc4 Bxc4 44. g5 hxg5 45. hxg5 a3 46. Kg2 a2 47. Kh3 a1Q 48. Kh4 Qxd4+ 0-1